• 首页
  • 本馆介绍
  • 公告通知
  • 最新文献
  • 馆藏检索
  • 电子资源
  • 读者导购
  • 参考咨询
  • 我的图书馆
  • 登录
  • 详细信息显示
  • 放入我的书架
  • 预约/预借图书
  • 作者相关作品
  • 分类相关作品
  • 丛书相关作品
  • 出版社相关作品

书目信息

  • 表格格式
  • 工作单格式
  • 卡片格式
题名:
《中华人民共和国监察法》案例解读
    
 
作者: 《<中华人民共和国监察法>案例解读》编写组 编写
分册:  
出版信息: 北京   中国方正出版社  2018.08
页数: 594页
开本: 20cm
丛书名:
单 册:
中图分类: D922.114.5
科图分类:
主题词: 法律--中国
电子资源:
ISBN: 7-5174-0573-X
000 00820nam0 2200193 450
001 2535860254
005 20251216100117.07
010    @a7-5174-0573-X@dCNY48.00
100    @a20251216d2018 km y0chiy0120 ea
101 0  @achi
102    @aCN@b110000
200 1  @a《中华人民共和国监察法》案例解读@A《Zhong Hua Ren Min Gong He Guo Jian Cha Fa》An Li Jie Du@f《<中华人民共和国监察法>案例解读》编写组编写@F《An Li Jie Du》Bian Xie Zu Bian Xie
210    @a北京@c中国方正出版社@d2018.08
215    @a594页@d20cm
606 0  @a法律@x中国
690    @aD922.114.5@v4
701  0 @a《<中华人民共和国监察法>案例解读》编写组@A《An Li Jie Du》Bian Xie Zu@4编写
801  0 @aCN@b大连网信软件有限公司图书馆·11@c20251216
905    @aZUCC@dD922.114.5@e2561
    
    《中华人民共和国监察法》案例解读/《<中华人民共和国监察法>案例解读》编写组编写.-北京:中国方正出版社,2018.08
    594页;20cm
    
    
    ISBN 7-5174-0573-X:CNY48.00
    
●
相关链接 在E读中查询图书 在五车中查询图书 在当当中查询图书 在豆瓣中查询图书


正题名:《中华人民共和国监察法》案例解读     索取号:D922.114.5/2561         预约/预借

序号 登录号 条形码 馆藏地/架位号 状态 备注
1 1442125   214421259   第一样本阅览室/ [索取号:D922.114.5/2561] 在馆    
2 1442126   214421268   第一借阅区/ [索取号:D922.114.5/2561] 在馆    
3 1442127   214421277   第一借阅区/ [索取号:D922.114.5/2561] 在馆    
4 1442128   214421286   第一借阅区/ [索取号:D922.114.5/2561] 在馆    
5 1442129   214421295   第一借阅区/ [索取号:D922.114.5/2561] 在馆    
6 1442130   214421302   第一借阅区/ [索取号:D922.114.5/2561] 在馆    
唐山师范学院图书馆 欢迎您!
大连网信软件有限公司© 版权所有